000 00338nam a2200121Ia 4500
008 220217s9999||||xx |||||||||||||| ||und||
020 _a978-81-7245-122-6
100 _aChaturvedi B.K
_99280
245 0 _asports and games
260 _aGood will publishing house
_bNew Delhi
_c2014
300 _a440p.
_b240
650 _aGENERAL BOOKS
999 _c185223
_d185223